UBT Library

Product engineering design manual / (Record no. 44518)

000 -LEADER
fixed length control field 00549cam a2200205 i 4500
001 - CONTROL NUMBER
control field 882696
005 - DATE AND TIME OF LATEST TRANSACTION
control field 20180308094132.0
008 - FIXED-LENGTH DATA ELEMENTS--GENERAL INFORMATION
fixed length control field 800815r1982 flua 001 0 eng
010 ## - LIBRARY OF CONGRESS CONTROL NUMBER
LC control number 80023595
020 ## - INTERNATIONAL STANDARD BOOK NUMBER
International Standard Book Number 0898742730
040 ## - CATALOGING SOURCE
Original cataloging agency DLC
Transcribing agency DLC
Modifying agency DLC
-- OCoLC
-- DLC
041 ## - LANGUAGE CODE
Language code of text/sound track or separate title eng
080 ## - UNIVERSAL DECIMAL CLASSIFICATION NUMBER
Universal Decimal Classification number 620..00425 GRE
082 00 - DEWEY DECIMAL CLASSIFICATION NUMBER
Classification number 620..00425 GRE
Edition number 19
100 1# - Rafti
Rafti 27
101 ## - Shkurtesa
Shkurtesa MEC
245 10 - TITLE STATEMENT
Title Product engineering design manual /
Statement of responsibility, etc edited by Douglas C. Greenwood.
906 ## - LOCAL DATA ELEMENT F, LDF (RLIN)
a 7
b cbc
c orignew
d u
e ocip
f 19
g y-gencatlg
942 ## - ADDED ENTRY ELEMENTS (KOHA)
Source of classification or shelving scheme
Item type Books
Holdings
Withdrawn status Lost status Source of classification or shelving scheme Damaged status Not for loan Collection code Permanent location Current location Shelving location Date acquired Total Checkouts Full call number Barcode Date last seen Price effective from Koha item type
          Koleksioni i përgjithshem UBT - Lipjan UBT - Lipjan Koleksioni i përgjithshem 03/08/2018   620..00425 GRE 002-3001325 03/08/2018 03/08/2018 Books
UBT Library © 2015-2024. All rights reserved University Education for Business and Technology